[Event "Gibraltar Masters 8th"]
[Site "Caleta"]
[Date "2010.01.30"]
[Round "5"]
[White "Bryn, Askild"]
[Black "Kandic, Milan"]
[Result "1-0"]
[WhiteElo "2036"]
[BlackElo "2216"]
[PlyCount "111"]
[EventDate "2010.01.26"]
[EventType "swiss"]
[EventRounds "10"]
[EventCountry "GGB"]
[SourceTitle "CBM 134 Extra"]
[Source "ChessBase"]
[SourceDate "2010.03.03"]
[SourceVersion "1"]
[SourceVersionDate "2010.03.03"]
[SourceQuality "1"]

1. e4 e5 2. Nf3 d6 3. d4 Nd7 4. Bc4 c6 5. 0-0 Be7 6. c3 b5 7. Bb3 Rb8 8. Be3 a6 9. Nbd2 Ngf6 10. h3 0-0 11. Re1 Qc7 12. Bc2 Re8 13. Nf1 Nf8 14. Ng3 Ng6 15. Qd2 Bf8 16. Bg5 Nd7 17. Rad1 h6 18. Be3 Nf6 19. Nf5 Be6 20. Bb1 Qa5 21. b3 Rbd8 22. Qc2 c5 23. d5 Bc8 24. Qd2 Nh7 25. Kh2 Ne7 26. g4 Kh8 27. h4 g6 28. Bxh6 gxf5 29. exf5 Bxh6 30. Qxh6 Ng8 31. Qe3 Ngf6 32. Rg1 e4 33. Ng5 Nxg5 34. hxg5 Nxg4+ 35. Rxg4 Bxf5 36. Rh4+ Kg7 37. Qf4 Re5 38. f3 Rh8 39. Rxh8 Kxh8 40. fxe4 Qxc3 41. exf5 Re2+ 42. Kg1 Re1+ 43. Rxe1 Qxe1+ 44. Qf1 Qg3+ 45. Kh1 Qh4+ 46. Kg2 Qxg5+ 47. Kh2 Qd2+ 48. Qg2 Qf4+ 49. Qg3 Qd2+ 50. Kh3 Qxd5 51. Qh4+ Kg8 52. Qg5+ Kh8 53. Qd8+ Kg7 54. f6+ Kh6 55. Qh8+ Kg5 56. Qh4# 1-0